എൻ്റെ കവിതകൾ (Record no. 178371)
[ view plain ]
| 000 -LEADER | |
|---|---|
| fixed length control field | 00583nam a22001937a 4500 |
| 003 - CONTROL NUMBER IDENTIFIER | |
| control field | dpl |
| 005 - DATE AND TIME OF LATEST TRANSACTION | |
| control field | 20210326122517.0 |
| 008 - FIXED-LENGTH DATA ELEMENTS--GENERAL INFORMATION | |
| fixed length control field | 210326b ||||| |||| 00| 0 eng d |
| 010 ## - LIBRARY OF CONGRESS CONTROL NUMBER | |
| LC control number | MAL9262 |
| 020 ## - INTERNATIONAL STANDARD BOOK NUMBER | |
| International Standard Book Number | 978-81-946820-4-2 |
| Terms of availability | 420.00 |
| 040 ## - CATALOGING SOURCE | |
| Transcribing agency | DBAD Books |
| 082 ## - DEWEY DECIMAL CLASSIFICATION NUMBER | |
| Classification number | 894.8121 |
| Item number | SUR |
| 100 ## - MAIN ENTRY--PERSONAL NAME | |
| Personal name | സുറാബ് |
| 245 ## - TITLE STATEMENT | |
| Title | എൻ്റെ കവിതകൾ |
| Statement of responsibility, etc | സുറാബ് |
| 260 ## - PUBLICATION, DISTRIBUTION, ETC. (IMPRINT) | |
| Place of publication, distribution, etc | Thrissur |
| Name of publisher, distributor, etc | Green Books |
| Date of publication, distribution, etc | 2020 |
| 270 ## - ADDRESS | |
| Address | gh,building,civil lane road,ayyanthole,Thrissur |
| City | Kerala |
| Country | India |
| Postal code | 680003 |
| 300 ## - PHYSICAL DESCRIPTION | |
| Extent | 344p |
| Dimensions | 21cm |
| 942 ## - ADDED ENTRY ELEMENTS (KOHA) | |
| Source of classification or shelving scheme | Dewey Decimal Classification |
| Koha item type | Malayalam Bks |
| Call number suffix | 894.8121SUR |
| Withdrawn status | Lost status | Source of classification or shelving scheme | Damaged status | Not for loan | Collection code | Home library | Current library | Date acquired | Source of acquisition | Cost, normal purchase price | Total Checkouts | Full call number | Barcode | Date last seen | Copy number | Cost, replacement price | Price effective from | Koha item type |
|---|---|---|---|---|---|---|---|---|---|---|---|---|---|---|---|---|---|---|
| Dewey Decimal Classification | Not For Loan | Non-fiction | D.B.Act.Division | D.B.Act.Division | 26/03/2021 | DBAD/PUB | 420.00 | 894.8121SUR | MA-8719 | 26/03/2021 | 1 | 420.00 | 26/03/2021 | Malayalam Bks |
